Index to digest of acts relating to the communtation of tithes from 1757 to 1835 (Record no. 104204)

MARC details
000 -LEADER
fixed length control field 00616cam a22001935a 4500
001 - CONTROL NUMBER
control field L129471
008 - FIXED-LENGTH DATA ELEMENTS--GENERAL INFORMATION
fixed length control field 050421s1836 xxk 000 0 eng u
035 ## - SYSTEM CONTROL NUMBER
System control number (Sirsi) u129471
041 ## - LANGUAGE CODE
Language code of text/sound track or separate title eng
110 ## - MAIN ENTRY--CORPORATE NAME
Corporate name or jurisdiction name as entry element Tithe Commission
9 (RLIN) 4696
245 ## - TITLE STATEMENT
Title Index to digest of acts relating to the communtation of tithes from 1757 to 1835
Remainder of title 27 July 1836
260 ## - PUBLICATION, DISTRIBUTION, ETC.
Date of publication, distribution, etc. 1836
300 ## - PHYSICAL DESCRIPTION
Extent 293p.
Dimensions 34cm.
520 ## - SUMMARY, ETC.
Summary, etc. Title on spine: "Tithes commuted under local enclosure acts".
583 ## - ACTION NOTE
Action Condition reviewed
Time/date of action 20120620
Status condition level 4
651 #4 - SUBJECT ADDED ENTRY--GEOGRAPHIC NAME
Geographic name Great Britain
Chronological subdivision 1707-
690 ## - LOCAL SUBJECT ADDED ENTRY--TOPICAL TERM (OCLC, RLIN)
Topical term or geographic name as entry element Finance and taxation
942 ## - ADDED ENTRY ELEMENTS (KOHA)
Suppress in OPAC 0
Holdings
Withdrawn status Lost status Damaged status Not for loan Home library Current library Shelving location Date acquired Total Checkouts Full call number Barcode Date last seen Copy number Price effective from Koha item type
        Historic collection Historic collection Historic collection 21/04/2005   PRICES FOLIO 1836 TITHE 30078133 20/08/2025 1 06/08/2019 Book